| 000 | 02082nam a2200541 i 4500 | ||
|---|---|---|---|
| 001 | 14380 | ||
| 003 | KOSZ 005 | ||
| 005 | 20241116062853.0 | ||
| 008 | 160323s1966 pl a f 001 0 pol | ||
| 035 | _a991046548639705066 | ||
| 035 | _a(PL-WaBN)b51613189-48omnis_nlop | ||
| 035 | _ab51613189 | ||
| 035 | _a(OCoLC)947181699 | ||
| 035 | _a(PL)b0000005161318 | ||
| 035 | _a(EXLNZ-48OMNIS_NETWORK)9910492415105606 | ||
| 040 |
_aWA N _cWA N _dKOSZ 005/RW |
||
| 041 | 1 |
_apol _heng |
|
| 046 | _k1957 | ||
| 080 | _a520/524 | ||
| 100 | 1 |
_aKuhn, Thomas S. _d(1922-1996) _eAutor |
|
| 245 | 1 | 0 |
_aPrzewrót kopernikański : _bastronomia planetarna w dziejach myśli / _cThomas S. Kuhn ; tłumaczenie z angielskiego Stefan Amsterdamski. |
| 246 | 1 |
_iTytuł oryginału: _aCopernican revolution : _bplanetary astronomy in the development of Western thought |
|
| 260 |
_aWarszawa : _bPaństwowe Wydawnictwo Naukowe, _c1966. |
||
| 300 |
_a435, [1] stron : _bilustracje ; _c18 cm. |
||
| 336 |
_aTekst _btxt _2rdacontent |
||
| 337 |
_aBez urządzenia pośredniczącego _bn _2rdamedia |
||
| 338 |
_aWolumin _bnc _2rdacarrier |
||
| 380 | _aKsiążki | ||
| 388 | _a1901-2000 | ||
| 500 | _aTytuł oryginału: "The Copernican revolution : planetary astronomy in the development of Western thought" 1957. | ||
| 504 | _aBibliografia na stronach 419-[430]. Indeks. | ||
| 600 | 1 | 7 |
_aKopernik, Mikołaj _d(1473-1543) _2DBN |
| 650 | 7 |
_aAstronomia _2DBN |
|
| 658 | _aFizyka i astronomia | ||
| 658 | _aHistoria | ||
| 648 | 7 |
_a1601-1700 _2DBN |
|
| 648 | 7 |
_a1701-1800 _2DBN |
|
| 648 | 7 |
_a1201-1300 _2DBN |
|
| 648 | 7 |
_a1301-1400 _2DBN |
|
| 648 | 7 |
_a1401-1500 _2DBN |
|
| 648 | 7 |
_a1501-1600 _2DBN |
|
| 650 | 7 |
_aKosmologia _2DBN |
|
| 700 | 1 |
_aAmsterdamski, Stefan _d(1929-2005). _eTłumaczenie |
|
| 710 | 2 |
_aPaństwowe Wydawnictwo Naukowe _4pbl. |
|
| 856 |
_uhttp://koha.tu.koszalin.pl/cgi-bin/koha/opac-detail.pl?biblionumber=14380 _yKatalog online BPK |
||
| 942 |
_2UKD _cKS |
||
| 999 |
_c14380 _d14380 |
||